| 000 | 01008nas a2200301 4500 | ||
|---|---|---|---|
| 001 | BR0902967 | ||
| 003 | BR-BrBNA | ||
| 005 | 20231205113421.0 | ||
| 007 | ta | ||
| 008 | 230509b bl.|||p| |||| 00| 00por d | ||
| 040 |
_aBR-BrBNA _bpor _cBiblioteca Nacional de Agricultura |
||
| 041 | _a(Pt) | ||
| 072 | _aP35 | ||
| 100 | 1 | _aCaldeira Júnior, C.F. | |
| 100 | 1 | _aSouza, R.A. de | |
| 100 | 1 | _aSantos, A.M. | |
| 100 | 1 | _aSampaio, R.A. | |
| 100 | 1 | _aMartins, E.R. | |
| 245 | 1 | _aCaracterísticas químicas do solo e crescimento de Astronium fraxinifolium Schott em área degradada adubada com lodo de esgoto e silicato de cálcio | |
| 650 | _aGONÇALEIRO | ||
| 650 | _aPROPRIEDADE FÍSICO-QUÍMICA | ||
| 650 | _aLODO RESIDUAL | ||
| 650 | _aSILICATO DE CALCIO | ||
| 773 | 0 |
_tRevista Ceres (Brazil) _xISSN 0034-737X _g(Mar-Apr 2009), v. 56(2) p. 213-218 _wBR0902967 |
|
| 856 | 4 | 0 | _uhttp://www.aprh.pt/rgci/pdf/rgci-155_Borges.pdf |
| 909 |
_a202311 _bLúcia _c55 _dLúcia Elande |
||
| 942 |
_2AGRIS _n0 _cANA |
||
| 999 |
_c203660 _d203660 |
||